01070nam a2200313 i 4500001001100000003000500011005001700016008004100033020001800074040002500092082001600117090002000133100002600153245002100179264004400200300004200244336002100286337002500307338002300332490002300355650001900378830002300397942001000420999001700430952007600447952007600523952007600599952008100675C2-0281750PPAK20180728012249.0070829s2007 my a|||| ||||| | may d a9789831976067 aPPAKbengcPPAKerda04a899.23322300a899.233bNURdG0 aNur Hafizah, eauthor10aKeunggulan cinta 1aKuala Lumpur : bSynergy Media , c2007 a260 pages : billustrations ; c18 cm 2rdacontentatext 2rdamediaaunmediated 2rdacarrieravolume1 aNovel remaja Islam10aMalay fiction. 0aNovel remaja Islam ddccB c88055d88055 0070bJTcGd2007-11-21o899.233 NURpA01138517r2018-05-09 00:00:00yB 0070bKMcGd2007-11-21o899.233 NURpA01138519r2018-05-09 00:00:00yB 0070bYNcGd2007-11-21o899.233 NURpA01138520r2018-05-09 00:00:00yB 0070bPD27cGd2007-11-21l0o899.233 NURpA01138525r2018-05-09 00:00:00yB